|
|
|
|
| LEADER |
00000naa2a2200000 4500 |
| 001 |
184250 |
| 005 |
20231215162742.0 |
| 035 |
|
|
|a (RuTPU)RU\TPU\book\199754
|
| 090 |
|
|
|a 184250
|
| 100 |
|
|
|a 20100831d2004 k y0rusy50 ca
|
| 101 |
0 |
|
|a rus
|
| 102 |
|
|
|a RU
|
| 200 |
1 |
|
|a Методика выбора ветроэнергетической установки для автономного электроснабжения
|f В. Б. Фёдорова, С. Г. Обухов
|
| 320 |
|
|
|a Библиогр.: 3 назв.
|
| 463 |
|
0 |
|0 (RuTPU)RU\TPU\book\69928
|y 5-94621-086-6
|t Электроэнергия и будущее цивилизации
|o Материалы Международной научно-технической конференции
|f Томский политехнический университет и др.
|v С. 208-210
|d 2004
|p 551 с.
|
| 610 |
1 |
|
|a ветроэнергетические установки
|
| 610 |
1 |
|
|a электроснабжение
|
| 610 |
1 |
|
|a автономное энергоснабжение
|
| 610 |
1 |
|
|a труды учёных ТПУ
|
| 700 |
|
1 |
|a Фёдорова
|b В. Б.
|
| 701 |
|
1 |
|a Обухов
|b С. Г.
|c специалист в области электроэнергетики
|c профессор Томского политехнического университета, доктор технических наук
|f 1963-
|g Сергей Геннадьевич
|3 (RuTPU)RU\TPU\pers\26337
|9 12090
|
| 801 |
|
1 |
|a RU
|b 63413507
|c 20100831
|
| 942 |
|
|
|c BK
|